Spell the Marvel Hero #47 - Statistics

General Stats
  • This quiz has been taken 15 times
  • The average score is 8 of 9
Answer Stats
Picture Answer % Correct
Armor
100%
Emma Frost
100%
Nick Fury
100%
Outlaw
93%
Tigra
93%
Fantomex
86%
Firestar
79%
X-23
79%
Magik
71%
No matching quizzes found
Score Distribution
Percent of People with Each Score
Percentile by Number Answered
Your Score History
You have not taken this quiz